Statistics for 2019 UEFA Europa League Final (Chelsea vs Arsenal) - Lineups

Click here to take the quiz!

General Stats

  • This quiz has been taken 367 times
  • The average score is 25 of 47

Answer Stats

PositionAnswer% Correct
GKKepa Arrizabalaga
90%
LW (3:0,4:1,89')Eden Hazard
89%
GKPetr Čech
89%
RB (C)Cesar Azpilicueta
86%
CF (1:0)Olivier Giroud
84%
CBDavid Luiz
82%
CMN'Golo Kante
82%
CFPierre-Emerick Aubameyang
81%
CFAlexandre Lacazette
80%
AM (77')Mesut Özil
76%
RW (2:0,71')Pedro Rodriguez
71%
DMJorginho
70%
FW (71')Willian
69%
DFMarcos Alonso
67%
CoachUnai Emery
67%
CoachMaurizio Sarri
66%
CMGranit Xhaka
65%
GKBernd Leno
64%
CB (C)Laurent Koscielny
61%
DFShkodran Mustafi
60%
CM (76')Mateo Kovačić
59%
GKWilly Caballero
59%
LBEmerson Palmieri
56%
DFGary Cahill
56%
FW (66',3:1)Alex Iwobi
55%
CBSokratis Papastathopoulos
55%
RWBAinsley Maitland-Niles
54%
CBAndreas Christensen
54%
LWBSead Kolašinac
53%
CB (66')Nacho Monreal
47%
FWBukayo Saka
46%
CM (66')Lucas Torreira
40%
MF (76')Ross Barkley
39%
MFMohamed Elneny
33%
FWGonzalo Higuain
30%
MF (66')Matteo Guendouzi
30%
DF (89')Davide Zappacosta
29%
FWDanny Welbeck
24%
FWEddie Nketiah
24%
MF (77')Joe Willock
24%
DF/MFEthan Ampadu
20%
GKJamie Cumming
17%
DFCarl Jenkinson
13%
DFStephan Lichtsteiner
12%
MFConnor Gallagher
11%
GKDejan Iliev
8%
MFGeorge McEachran
7%

Score Distribution

Percentile by Number Answered

Percent of People with Each Score

Your Score History

You have not taken this quiz